000 00566nam a22001817a 4500
999 _c183605
_d183605
005 20211229154155.0
010 _aENG-130755
020 _a978-93-887-548-66
_c499.00
035 _aEN-114287
037 _bDBAD
082 _a921
100 _aCJ, Papa
245 _aNaked:
_cPapa CJ
260 _aChennai
_bWestland Publications Private Limited
_c2019
270 _a1st Floor, A Block, East Wing, Plot No. 40, SP Info City, Dr. MGR Salai, Perungudi, Kandanchavadi
_bChennai
_e600096
300 _a245p
_c22cm(pbk)
942 _2ddc
_cEN
_h921
_mPAP